[Event "Mecklenburg VP LL2 Ost 2223"]
[Site "Mecklenburg VP"]
[Date "2023.03.19"]
[Round "7.3"]
[White "Grehl, Tino"]
[Black "Luethke, Hans Eckart"]
[Result "1/2-1/2"]
[WhiteElo "1994"]
[BlackElo "2132"]
[PlyCount "67"]
[EventDate "2022.10.23"]
[EventType "team-tourn"]
[EventRounds "9"]
[EventCountry "GER"]
[SourceTitle "EXT 2024"]
[Source "ChessBase"]
[SourceDate "2023.10.10"]
[SourceVersion "1"]
[SourceVersionDate "2023.10.10"]
[SourceQuality "1"]
[WhiteTeam "Greifswald II"]
[BlackTeam "Graal Mueritz"]
[WhiteTeamCountry "GER"]
[BlackTeamCountry "GER"]

1. c4 Nf6 2. Nc3 e6 3. e4 d6 4. d4 Be7 5. Nf3 b6 6. Bd3 c5 7. 0-0 cxd4 8. Nxd4 a6 9. Qe2 Qc7 10. Nf3 Nc6 11. Bf4 Nd7 12. Rfd1 Bb7 13. Rac1 Nce5 14. Nxe5 Nxe5 15. b3 0-0 16. Bb1 Bf6 17. Be3 Bc6 18. f3 Rfd8 19. Qf2 Rab8 20. Nd5 exd5 21. cxd5 Qb7 22. dxc6 Nxc6 23. Rd2 b5 24. Rdc2 Rbc8 25. Qd2 Qd7 26. Rd1 Ne5 27. Rxc8 Qxc8 28. Bb6 Rd7 29. Rc1 Qb7 30. Bd4 Rc7 31. Bf2 Rxc1+ 32. Qxc1 Qc6 33. Qxc6 Nxc6 34. Kf1 1/2-1/2

[Event "Mecklenburg VP LL2 Ost 2223"]
[Site "Mecklenburg VP"]
[Date "2022.11.06"]
[Round "2.3"]
[White "Kohn, Thomas2222"]
[Black "Luethke, Hans Eckart"]
[Result "0-1"]
[WhiteElo "1964"]
[BlackElo "2132"]
[PlyCount "56"]
[EventDate "2022.10.23"]
[EventType "team-tourn"]
[EventRounds "9"]
[EventCountry "GER"]
[SourceTitle "EXT 2024"]
[Source "ChessBase"]
[SourceDate "2023.10.10"]
[SourceVersion "1"]
[SourceVersionDate "2023.10.10"]
[SourceQuality "1"]
[WhiteTeam "Stralsund HSG II"]
[BlackTeam "Graal Mueritz"]
[WhiteTeamCountry "GER"]
[BlackTeamCountry "GER"]

1. Nf3 c5 2. e4 d6 3. d4 cxd4 4. Nxd4 Nf6 5. Nc3 a6 6. Be2 e5 7. Nb3 Be7 8. Be3 Be6 9. 0-0 Qc7 10. Nd5 Nxd5 11. exd5 Bf5 12. Rc1 Nd7 13. Qd2 0-0 14. Rfd1 Bg6 15. c4 b6 16. c5 bxc5 17. Nxc5 Nxc5 18. b4 Rfd8 19. Rc4 Rac8 20. bxc5 dxc5 21. Ra4 Qd7 22. Rxa6 c4 23. Qc3 Qb5 24. Ra7 Bc5 25. Bxc4 Bxa7 26. Bxb5 Rxc3 27. Bxa7 Bc2 28. Bb6 Rb8 0-1

[Event "Oberliga Nord O 1920"]
[Site "Germany"]
[Date "2021.08.15"]
[Round "9.1"]
[White "Luethke, Hans Eckart"]
[Black "Moeller, Hendrik"]
[Result "0-1"]
[WhiteElo "2125"]
[BlackElo "2286"]
[PlyCount "106"]
[EventDate "2019.09.29"]
[EventType "team-tourn"]
[EventRounds "9"]
[EventCountry "GER"]
[SourceTitle "EXT 2023"]
[Source "ChessBase"]
[SourceDate "2022.10.05"]
[SourceVersion "1"]
[SourceVersionDate "2022.10.05"]
[SourceQuality "1"]
[WhiteTeam "Graal Mueritz"]
[BlackTeam "Berlin Weisse Dame"]
[WhiteTeamCountry "GER"]
[BlackTeamCountry "GER"]

1. e4 c6 2. c4 d5 3. exd5 cxd5 4. cxd5 Nf6 5. Qa4+ Nbd7 6. Nc3 g6 7. Nf3 Bg7 8. Qb3 0-0 9. Bc4 Nc5 10. Qa3 Nce4 11. 0-0 a6 12. Re1 Bf5 13. d4 Rc8 14. Ne5 Nxc3 15. bxc3 Nxd5 16. Qb3 Be6 17. a4 b5 18. axb5 axb5 19. Bxd5 Bxd5 20. Qb4 Qc7 21. Bd2 Qb7 22. f3 Ra8 23. Nd3 e6 24. Nc5 Qc6 25. Reb1 Bc4 26. Bf4 Rfd8 27. Rxa8 Rxa8 28. Ne4 Bd3 29. Re1 Bf8 30. Qb2 Bxe4 31. Rxe4 Qc4 32. Re2 Ra3 33. Rc2 Rb3 34. Qc1 b4 35. cxb4 Qxd4+ 36. Kh1 Rd3 37. Bd2 Bxb4 38. Rc8+ Bf8 39. Rc2 h5 40. Qe1 Bb4 41. Bxb4 Rd1 42. Rc1 Rxe1+ 43. Bxe1 Qe3 44. Ra1 g5 45. h3 Kh7 46. Bg3 Kg6 47. Bb8 Qc3 48. Rb1 g4 49. hxg4 hxg4 50. fxg4 Kg5 51. Rf1 Kxg4 52. Rf4+ Kg5 53. Rxf7 Qa1+ 0-1

[Event "WchT Seniors 65"]
[Site "Prague"]
[Date "2020.03.10"]
[Round "5.14"]
[White "Luethke, Hans Eckart"]
[Black "Olesen, Christer"]
[Result "1-0"]
[WhiteElo "2091"]
[BlackElo "1869"]
[PlyCount "61"]
[EventDate "2020.03.06"]
[EventType "team-swiss"]
[EventRounds "7"]
[EventCountry "CZE"]
[SourceTitle "CBM 195 Extra"]
[Source "ChessBase"]
[SourceDate "2020.05.31"]
[SourceVersion "1"]
[SourceVersionDate "2020.05.31"]
[SourceQuality "1"]
[WhiteTeam "Germany 65 VIII"]
[BlackTeam "Sweden 65 V"]
[WhiteTeamCountry "GER"]
[BlackTeamCountry "SWE"]

1. e4 c6 2. c4 d5 3. exd5 cxd5 4. cxd5 Nf6 5. Qa4+ Nbd7 6. Nc3 g6 7. Nf3 Bg7 8. Qb3 0-0 9. Bc4 Nb6 10. d3 Nxc4 11. dxc4 e6 12. 0-0 exd5 13. cxd5 b6 14. Bg5 h6 15. Bh4 g5 16. Bg3 Nd7 17. Rfd1 h5 18. h4 Nc5 19. Qc2 Bg4 20. Nxg5 f5 21. f3 Bh6 22. fxg4 Bxg5 23. hxg5 Qxg5 24. Bd6 Rf7 25. Bxc5 bxc5 26. gxf5 Rxf5 27. Qd2 Qg4 28. Rf1 Raf8 29. Rxf5 Qxf5 30. Re1 h4 31. Qe3 1-0

[Event "WchT Seniors 65"]
[Site "Prague"]
[Date "2020.03.09"]
[Round "4.9"]
[White "Singer, Hans"]
[Black "Luethke, Hans Eckart"]
[Result "1-0"]
[WhiteElo "2168"]
[BlackElo "2091"]
[PlyCount "53"]
[EventDate "2020.03.06"]
[EventType "team-swiss"]
[EventRounds "7"]
[EventCountry "CZE"]
[SourceTitle "CBM 195 Extra"]
[Source "ChessBase"]
[SourceDate "2020.05.31"]
[SourceVersion "1"]
[SourceVersionDate "2020.05.31"]
[SourceQuality "1"]
[WhiteTeam "Austria 65"]
[BlackTeam "Germany 65 VIII"]
[WhiteTeamCountry "AUT"]
[BlackTeamCountry "GER"]

1. c4 e6 2. Nc3 d5 3. d4 Be7 4. Nf3 c6 5. e4 dxe4 6. Nxe4 Nf6 7. Bd3 Nxe4 8. Bxe4 Nd7 9. 0-0 Nf6 10. Bc2 0-0 11. Qd3 c5 12. Bg5 g6 13. dxc5 Qc7 14. Qc3 Ne8 15. Bxe7 Qxe7 16. b4 f6 17. Rad1 e5 18. Be4 Kg7 19. a3 Nc7 20. Rd6 Rb8 21. Rfd1 Be6 22. h3 Qf7 23. a4 Rfe8 24. b5 Re7 25. c6 bxc6 26. Rxc6 Ne8 27. Nxe5 1-0

[Event "WchT Seniors 65"]
[Site "Prague"]
[Date "2020.03.07"]
[Round "2.4"]
[White "Baum, Bernd"]
[Black "Luethke, Hans Eckart"]
[Result "0-1"]
[WhiteElo "2249"]
[BlackElo "2091"]
[PlyCount "80"]
[EventDate "2020.03.06"]
[EventType "team-swiss"]
[EventRounds "7"]
[EventCountry "CZE"]
[SourceTitle "CBM 195 Extra"]
[Source "ChessBase"]
[SourceDate "2020.05.31"]
[SourceVersion "1"]
[SourceVersionDate "2020.05.31"]
[SourceQuality "1"]
[WhiteTeam "Germany 65 III"]
[BlackTeam "Germany 65 VIII"]
[WhiteTeamCountry "GER"]
[BlackTeamCountry "GER"]

1. Nf3 c5 2. g3 Nc6 3. Bg2 Nf6 4. 0-0 e6 5. c4 d5 6. d4 dxc4 7. Qa4 Bd7 8. Qxc4 cxd4 9. Nxd4 Rc8 10. Nxc6 Bxc6 11. Bxc6+ Rxc6 12. Qb3 Qb6 13. Qxb6 Rxb6 14. Nc3 Be7 15. Be3 Rxb2 16. Rab1 Rxb1 17. Rxb1 b6 18. Nb5 Nd5 19. Bd4 a6 20. e4 Nb4 21. Nc7+ Kd7 22. Bxb6 Rb8 23. Ba5 Nc6 24. Rd1+ Kc8 25. Rc1 Kb7 26. Nxa6 Kxa6 27. Bc7 Rc8 28. Rxc6+ Kb7 29. Bd6 Rxc6 30. Bxe7 Rc4 31. e5 Re4 32. Bd6 Kc6 33. Kf1 f6 34. f4 Rc4 35. a3 Rc2 36. h4 f5 37. Bf8 g6 38. Bb4 Ra2 39. Kg1 Kd5 40. Kf1 Ke4 0-1

[Event "Oberliga Nord O 1920"]
[Site "Germany"]
[Date "2020.01.19"]
[Round "5.1"]
[White "Luethke, Hans Eckart"]
[Black "Perestjuk, Marko"]
[Result "1/2-1/2"]
[WhiteElo "2115"]
[BlackElo "2122"]
[PlyCount "142"]
[EventDate "2019.09.29"]
[EventType "team-tourn"]
[EventRounds "9"]
[EventCountry "GER"]
[SourceTitle "CBM 195 Extra"]
[Source "ChessBase"]
[SourceDate "2020.05.31"]
[SourceVersion "1"]
[SourceVersionDate "2020.05.31"]
[SourceQuality "1"]

1. e4 c5 2. Nf3 d6 3. d4 cxd4 4. Qxd4 Nc6 5. Bb5 Bd7 6. Bxc6 Bxc6 7. Nc3 Nf6 8. Bg5 e6 9. 0-0-0 Be7 10. Rhe1 0-0 11. Kb1 Qc7 12. Qd3 Rfd8 13. Nd4 a6 14. h4 h6 15. Bc1 b5 16. Nxc6 Qxc6 17. f3 Nd7 18. Nd5 Bf8 19. Ne3 Ne5 20. Qe2 Be7 21. f4 Nd7 22. Nd5 Bf8 23. Nb4 Qc7 24. Nd3 Rac8 25. h5 Nc5 26. g4 d5 27. exd5 Rxd5 28. g5 Nxd3 29. Rxd3 Rxd3 30. Qxd3 Qc4 31. Qxc4 Rxc4 32. b3 Rd4 33. g6 Bb4 34. gxf7+ Kxf7 35. Rg1 Bc3 36. a3 a5 37. Be3 Rd5 38. Rh1 Kf6 39. Bc1 b4 40. Bb2 Bxb2 41. Kxb2 Rd2 42. axb4 axb4 43. Ra1 Rf2 44. Ra4 Rxf4 45. c4 bxc3+ 46. Kxc3 Rf5 47. Rh4 Ke5 48. Kc4 Kd6 49. Rd4+ Kc6 50. Re4 e5 51. Rg4 Rg5 52. Rh4 Rg1 53. b4 Rc1+ 54. Kd3 Kd5 55. Rg4 Rc7 56. b5 Rb7 57. Rb4 Kc5 58. Rg4 Kd5 59. Rb4 Rb6 60. Ke3 g6 61. hxg6 Rxg6 62. b6 Rg3+ 63. Kf2 Rg8 64. b7 Rb8 65. Ke3 h5 66. Rb5+ Kd6 67. Ke4 h4 68. Rb6+ Kc7 69. Rh6 Rxb7 70. Rxh4 Rb4+ 71. Kf5 Kd7 1/2-1/2

[Event "GER CupT 1920 prel4"]
[Site "Hamburg"]
[Date "2020.01.12"]
[Round "2.1"]
[White "Luethke, Hans Eckart"]
[Black "Joachim, Sven"]
[Result "1/2-1/2"]
[WhiteElo "2115"]
[BlackElo "2384"]
[PlyCount "70"]
[EventDate "2020.01.11"]
[EventType "team-k.o."]
[EventRounds "2"]
[EventCountry "GER"]
[SourceTitle "EXT 2021"]
[Source "ChessBase"]
[SourceDate "2020.10.23"]
[SourceVersion "1"]
[SourceVersionDate "2020.10.23"]
[SourceQuality "1"]
[WhiteTeam "Graal Mueritz"]
[BlackTeam "Werder Bremen"]
[WhiteTeamCountry "GER"]
[BlackTeamCountry "GER"]

1. e4 e5 2. Nf3 Nc6 3. d4 exd4 4. Nxd4 Nf6 5. Nxc6 bxc6 6. e5 Qe7 7. Qe2 Nd5 8. h4 f6 9. c4 Ba6 10. exf6 Nxf6 11. Nc3 Qxe2+ 12. Bxe2 Bc5 13. Rh3 0-0-0 14. Be3 Bxe3 15. Rxe3 d5 16. c5 Bxe2 17. Nxe2 Rhe8 18. Rxe8 Rxe8 19. f3 Nd7 20. b4 Ne5 21. Rd1 Kd7 22. Kf2 Rb8 23. Rd4 Rxb4 24. Rxb4 Nd3+ 25. Ke3 Nxb4 26. Nc3 Ke6 27. g4 Nc2+ 28. Kd2 Nd4 29. Ke3 Nc2+ 30. Kd2 Na3 31. Kd3 Nc4 32. f4 Nb2+ 33. Kc2 Nc4 34. Kd3 Nb2+ 35. Kc2 Nc4 1/2-1/2

[Event "Oberliga Nord O 1920"]
[Site "Germany"]
[Date "2019.11.24"]
[Round "3.1"]
[White "Luethke, Hans Eckart"]
[Black "Rietze, Clemens"]
[Result "1/2-1/2"]
[WhiteElo "2115"]
[BlackElo "2265"]
[PlyCount "148"]
[EventDate "2019.09.29"]
[EventType "team-tourn"]
[EventRounds "9"]
[EventCountry "GER"]
[SourceTitle "CBM 195 Extra"]
[Source "ChessBase"]
[SourceDate "2020.05.31"]
[SourceVersion "1"]
[SourceVersionDate "2020.05.31"]
[SourceQuality "1"]

1. e4 e5 2. Nf3 Nc6 3. d4 exd4 4. Nxd4 Nf6 5. Nxc6 bxc6 6. e5 Qe7 7. Qe2 Nd5 8. c4 Ba6 9. b3 g5 10. Qe4 Bg7 11. Bb2 Nb6 12. Nd2 d5 13. cxd5 cxd5 14. Qe3 Bxf1 15. Kxf1 0-0-0 16. h4 h6 17. Qd3 Kb7 18. a4 c6 19. b4 Bxe5 20. Bxe5 Qxe5 21. Nb3 Ka8 22. Re1 Qf4 23. Nd4 Rhe8 24. Rxe8 Rxe8 25. g3 Qd6 26. hxg5 hxg5 27. Rh7 Qxb4 28. Rxf7 Qxa4 29. Qg6 Rc8 30. Ne6 Qa1+ 31. Kg2 Qe5 32. Nxg5 d4 33. Qh7 Qd5+ 34. Ne4 c5 35. Rxa7+ Kb8 36. f3 Na8 37. Ra1 Nc7 38. Rb1+ Ka8 39. Rb2 Rb8 40. Rc2 Na6 41. Nf6 Qb3 42. Qe4+ Ka7 43. Nd7 Rc8 44. Ne5 Nb4 45. Qh7+ Ka6 46. Rf2 Qd5 47. Nd3 Rb8 48. Qe4 Qxe4 49. Nxc5+ Kb5 50. Nxe4 Kc4 51. g4 d3 52. g5 Nd5 53. Kg3 Kd4 54. Ra2 Ke3 55. Nd2 Nc3 56. Nf1+ Kd4 57. Rh2 Ne2+ 58. Kf2 Rg8 59. Rh4+ Kd5 60. Rg4 Nf4 61. Ke3 Nh3 62. Ng3 d2 63. Kxd2 Nf2 64. Ra4 Rd8 65. Ke2 Nh3 66. Re4 Kd6 67. Rd4+ Ke7 68. Rxd8 Kxd8 69. Ne4 Ke7 70. Ke3 Ke6 71. f4 Kf5 72. Nd6+ Kg6 73. Ne4 Kf5 74. Ng3+ Kg6 1/2-1/2

[Event "Mecklenburg VP VL1819"]
[Site "Mecklenburg VP"]
[Date "2019.02.24"]
[Round "6.1"]
[White "Roehl, Rainer"]
[Black "Luethke, Hans Eckart"]
[Result "1/2-1/2"]
[WhiteElo "2006"]
[BlackElo "2100"]
[PlyCount "54"]
[EventDate "2018.10.21"]
[EventType "team-tourn"]
[EventRounds "9"]
[EventCountry "GER"]
[SourceTitle "EXT 2022"]
[Source "ChessBase"]
[SourceDate "2021.10.06"]
[SourceVersion "1"]
[SourceVersionDate "2021.10.06"]
[SourceQuality "1"]
[WhiteTeam "Schwerin SF III"]
[BlackTeam "Graal Mueritz"]
[WhiteTeamCountry "GER"]
[BlackTeamCountry "GER"]

1. d4 Nf6 2. Bf4 e6 3. e3 Be7 4. Bd3 c5 5. c3 Nc6 6. Nd2 b6 7. Qf3 Bb7 8. Qh3 cxd4 9. exd4 d5 10. Ne2 a5 11. 0-0 Ba6 12. Bxa6 Rxa6 13. Qd3 Qc8 14. h3 0-0 15. Bh2 a4 16. f4 Qb7 17. f5 exf5 18. Rxf5 b5 19. Raf1 Na5 20. b4 axb3 21. axb3 g6 22. R5f2 Ne4 23. Nxe4 dxe4 24. Qb1 Bg5 25. Bf4 Bh4 26. g3 Bf6 27. Bc1 Bg7 1/2-1/2

[Event "Mecklenburg VP VL1819"]
[Site "Mecklenburg VP"]
[Date "2018.11.11"]
[Round "2.1"]
[White "Schmekel, Florian"]
[Black "Luethke, Hans Eckart"]
[Result "1/2-1/2"]
[WhiteElo "2016"]
[BlackElo "2100"]
[PlyCount "46"]
[EventDate "2018.10.21"]
[EventType "team-tourn"]
[EventRounds "9"]
[EventCountry "GER"]
[SourceTitle "EXT 2022"]
[Source "ChessBase"]
[SourceDate "2021.10.06"]
[SourceVersion "1"]
[SourceVersionDate "2021.10.06"]
[SourceQuality "1"]
[WhiteTeam "Torgelow Droegeheide"]
[BlackTeam "Graal Mueritz"]
[WhiteTeamCountry "GER"]
[BlackTeamCountry "GER"]

1. d4 d5 2. c4 dxc4 3. Nc3 a6 4. a4 e5 5. e3 Nc6 6. Nf3 Bg4 7. Bxc4 exd4 8. exd4 Nf6 9. Be3 Bd6 10. 0-0 0-0 11. Be2 Nb4 12. Bg5 h6 13. Bh4 Re8 14. Re1 Bxf3 15. gxf3 c6 16. Ne4 Nbd5 17. Bc4 g5 18. Bg3 Bf4 19. Qb3 Qc7 20. Nxf6+ Nxf6 21. Bxf4 gxf4 22. Kh1 Rxe1+ 23. Rxe1 Re8 1/2-1/2

[Event "Mecklenburg VP VL1819"]
[Site "Mecklenburg VP"]
[Date "2018.10.21"]
[Round "1.1"]
[White "Luethke, Hans Eckart"]
[Black "Wolke, Heiko"]
[Result "1-0"]
[WhiteElo "2100"]
[BlackElo "1961"]
[PlyCount "101"]
[EventDate "2018.10.21"]
[EventType "team-tourn"]
[EventRounds "9"]
[EventCountry "GER"]
[SourceTitle "EXT 2022"]
[Source "ChessBase"]
[SourceDate "2021.10.06"]
[SourceVersion "1"]
[SourceVersionDate "2021.10.06"]
[SourceQuality "1"]
[WhiteTeam "Graal Mueritz"]
[BlackTeam "Warnemuende SF Ostsee"]
[WhiteTeamCountry "GER"]
[BlackTeamCountry "GER"]

1. e4 c6 2. c4 d5 3. exd5 cxd5 4. cxd5 Nf6 5. Qa4+ Bd7 6. Qb3 Qb6 7. Bc4 Na6 8. Nc3 Nc7 9. Nf3 Qxb3 10. Bxb3 Nb5 11. 0-0 g5 12. d3 h6 13. Re1 Nd6 14. Ne4 0-0-0 15. Be3 Kb8 16. Bd4 Bg7 17. Nc5 Rhe8 18. Nxd7+ Rxd7 19. Ba4 b5 20. Bb3 Nf5 21. Be5+ Kb7 22. Bc3 Nxd5 23. Bxg7 Nxg7 24. Ne5 Rdd8 25. Nxf7 Rd7 26. Re5 Nc7 27. Rd1 Nh5 28. Nxh6 Red8 29. Nf7 Rf8 30. Rxg5 Nf4 31. Ne5 Rd4 32. Kf1 e6 33. Rg7 a5 34. Rc1 Rc8 35. g3 a4 36. Bd1 Nxd3 37. Nxd3 Rxd3 38. Be2 Rd2 39. Bxb5 Kb6 40. Bxa4 Rf8 41. f4 Na6 42. Rc2 Rd4 43. Rc6+ Ka5 44. Bb3 Nb8 45. Rg5+ Rf5 46. Rxe6 Rxg5 47. fxg5 Nd7 48. g6 Rg4 49. Kg2 Nf8 50. Rf6 Nxg6 51. Be6 1-0

[Event "Mecklenburg VP LL2 Ost 1718"]
[Site "Mecklenburg VP"]
[Date "2018.02.25"]
[Round "6.1"]
[White "Luethke, Hans Eckart"]
[Black "Joers, Pia Milena"]
[Result "1-0"]
[WhiteElo "2091"]
[BlackElo "1623"]
[PlyCount "103"]
[EventDate "2017.10.08"]
[EventType "team-tourn"]
[EventRounds "9"]
[EventCountry "GER"]
[SourceTitle "EXT 2022"]
[Source "ChessBase"]
[SourceDate "2021.10.06"]
[SourceVersion "1"]
[SourceVersionDate "2021.10.06"]
[SourceQuality "1"]
[WhiteTeam "Graal Mueritz"]
[BlackTeam "Guestrow/Teterow II"]
[WhiteTeamCountry "GER"]
[BlackTeamCountry "GER"]

1. c4 e5 2. Nc3 Nf6 3. g3 Nc6 4. Bg2 Bc5 5. e3 a6 6. Nge2 d6 7. d4 exd4 8. exd4 Ba7 9. Bg5 h6 10. Bxf6 Qxf6 11. Nd5 Qd8 12. 0-0 0-0 13. Qd2 Bf5 14. Ne3 Bh7 15. b4 Rb8 16. Rad1 Ne7 17. Rfe1 Re8 18. Qc3 Nf5 19. Nxf5 Bxf5 20. c5 Be4 21. Nf4 Bxg2 22. Kxg2 Rxe1 23. Rxe1 dxc5 24. bxc5 c6 25. Re4 Qd7 26. Qe3 Rd8 27. h4 Kf8 28. Qf3 Re8 29. Ng6+ Kg8 30. Ne5 Qd5 31. Rf4 Qxf3+ 32. Kxf3 Re7 33. Nc4 Bb8 34. Re4 Rxe4 35. Kxe4 Kf8 36. Na5 Bc7 37. Nxb7 Ke7 38. d5 cxd5+ 39. Kxd5 Kd7 40. Nd6 Bxd6 41. cxd6 a5 42. a4 h5 43. Kc5 f6 44. Kd5 g6 45. Kc5 g5 46. Kd5 g4 47. Kc5 Kd8 48. Kc6 Kc8 49. d7+ Kd8 50. Kd6 f5 51. Ke6 f4 52. gxf4 1-0

[Event "Mecklenburg VP LL2 Ost 1718"]
[Site "Mecklenburg VP"]
[Date "2018.01.21"]
[Round "5.1"]
[White "Luethke, Hans Eckart"]
[Black "Alder, Bodo"]
[Result "1-0"]
[WhiteElo "2091"]
[BlackElo "1844"]
[PlyCount "35"]
[EventDate "2017.10.08"]
[EventType "team-tourn"]
[EventRounds "9"]
[EventCountry "GER"]
[SourceTitle "EXT 2022"]
[Source "ChessBase"]
[SourceDate "2021.10.06"]
[SourceVersion "1"]
[SourceVersionDate "2021.10.06"]
[SourceQuality "1"]
[WhiteTeam "Graal Mueritz"]
[BlackTeam "Binz Therme Ruegen"]
[WhiteTeamCountry "GER"]
[BlackTeamCountry "GER"]

1. e4 c5 2. Nc3 Nc6 3. f4 d6 4. Nf3 Bg4 5. Be2 e6 6. 0-0 Rc8 7. d3 Be7 8. h3 Bxf3 9. Bxf3 Nf6 10. Ne2 Qc7 11. c3 e5 12. Qe1 g6 13. Be3 Rd8 14. Qf2 Nd7 15. d4 Bf6 16. fxe5 dxe5 17. Bg4 Ncb8 18. Bg5 1-0

[Event "Mecklenburg VP LL2 Ost 1718"]
[Site "Mecklenburg VP"]
[Date "2017.10.08"]
[Round "1.1"]
[White "Luethke, Hans Eckart"]
[Black "Vietinghoff, Klaus"]
[Result "1-0"]
[WhiteElo "2091"]
[BlackElo "1733"]
[PlyCount "41"]
[EventDate "2017.10.08"]
[EventType "team-tourn"]
[EventRounds "9"]
[EventCountry "GER"]
[SourceTitle "EXT 2022"]
[Source "ChessBase"]
[SourceDate "2021.10.06"]
[SourceVersion "1"]
[SourceVersionDate "2021.10.06"]
[SourceQuality "1"]
[WhiteTeam "Graal Mueritz"]
[BlackTeam "Stralsund FHSG II"]
[WhiteTeamCountry "GER"]
[BlackTeamCountry "GER"]

1. e4 d6 2. d4 g6 3. Nc3 Bg7 4. Bg5 Nf6 5. e5 dxe5 6. dxe5 Qxd1+ 7. Rxd1 Ng4 8. h3 Nxf2 9. Kxf2 Bxe5 10. Nf3 Bd6 11. Nb5 0-0 12. Rxd6 exd6 13. Nxc7 Be6 14. Nxa8 Rc8 15. Nd4 Nc6 16. Nxc6 bxc6 17. Bf4 Rxa8 18. Bxd6 Rd8 19. Bf4 f6 20. Be2 g5 21. Be3 1-0

[Event "Mecklenburg VP LL2 Ost 1617"]
[Site "Mecklenburg VP"]
[Date "2016.10.16"]
[Round "1.1"]
[White "Rehbein, Hans Juergen"]
[Black "Luethke, Hans Eckart"]
[Result "0-1"]
[WhiteElo "1730"]
[BlackElo "2099"]
[PlyCount "84"]
[EventDate "2016.10.16"]
[EventType "team-tourn"]
[EventRounds "9"]
[EventCountry "GER"]
[SourceTitle "EXT 2022"]
[Source "ChessBase"]
[SourceDate "2021.10.06"]
[SourceVersion "1"]
[SourceVersionDate "2021.10.06"]
[SourceQuality "1"]
[WhiteTeam "Neubrandenburg SG Eintracht II"]
[BlackTeam "Graal Mueritz"]
[WhiteTeamCountry "GER"]
[BlackTeamCountry "GER"]

1. Nf3 c5 2. b3 Nc6 3. Bb2 Nf6 4. g3 e6 5. Bg2 Be7 6. 0-0 0-0 7. d3 d5 8. Nbd2 Qc7 9. c3 b6 10. Re1 Ba6 11. Qc2 Rfd8 12. Rac1 Qd7 13. a3 Rac8 14. Qb1 b5 15. c4 bxc4 16. bxc4 d4 17. Qc2 Bb7 18. Qa4 Qc7 19. Ng5 Nd7 20. Nh3 e5 21. f4 Nb6 22. Qc2 exf4 23. Nxf4 Ne5 24. Nf3 Ng4 25. Bh3 Ne3 26. Qd2 Rb8 27. Ng2 Nxg2 28. Bxg2 Na4 29. Ba1 Bf6 30. Qc2 Nb6 31. Rb1 Re8 32. Bb2 Qe7 33. Bc1 Rbd8 34. a4 Bc6 35. a5 Nd7 36. Kf2 Qe6 37. Ng1 Ne5 38. Bxc6 Qxc6 39. h3 Qh1 40. Bf4 Qh2+ 41. Kf1 g5 42. Bxe5 Bxe5 0-1

[Event "Mecklenburg VP LL2 Ost 1516"]
[Site "Mecklenburg VP"]
[Date "2016.01.17"]
[Round "5.1"]
[White "Jeske, Holger"]
[Black "Luethke, Hans Eckart"]
[Result "0-1"]
[WhiteElo "1870"]
[BlackElo "2122"]
[PlyCount "52"]
[EventDate "2015.09.20"]
[EventType "team-tourn"]
[EventRounds "9"]
[EventCountry "GER"]
[SourceTitle "EXT 2022"]
[Source "ChessBase"]
[SourceDate "2021.10.06"]
[SourceVersion "1"]
[SourceVersionDate "2021.10.06"]
[SourceQuality "1"]
[WhiteTeam "Rostock SSC 07 III"]
[BlackTeam "Graal Mueritz"]
[WhiteTeamCountry "GER"]
[BlackTeamCountry "GER"]

1. e4 c5 2. f4 Nc6 3. Nf3 e6 4. Be2 d5 5. e5 h5 6. g3 Nh6 7. 0-0 Be7 8. Ne1 g6 9. c3 Nf5 10. Na3 c4 11. Nac2 Qb6+ 12. Kh1 Bd7 13. Ng2 h4 14. Nxh4 Bxh4 15. gxh4 Rxh4 16. Qe1 0-0-0 17. Kg2 Rdh8 18. Rh1 Rh3 19. Ne3 g5 20. Bg4 Nh4+ 21. Kf2 gxf4 22. Bxh3 Nxe5 23. Qe2 Nhf3 24. Bg4 fxe3+ 25. dxe3 Nxh2 26. Bf3 Qd8 0-1

[Event "Mecklenburg VP LL2 Ost 1415"]
[Site "Mecklenburg VP"]
[Date "2015.04.26"]
[Round "9.1"]
[White "Patzenhauer, Max"]
[Black "Luethke, Hans Eckart"]
[Result "0-1"]
[WhiteElo "1918"]
[BlackElo "2121"]
[PlyCount "126"]
[EventDate "2014.09.21"]
[EventType "team-tourn"]
[EventRounds "9"]
[EventCountry "GER"]
[SourceTitle "EXT 2022"]
[Source "ChessBase"]
[SourceDate "2021.10.06"]
[SourceVersion "1"]
[SourceVersionDate "2021.10.06"]
[SourceQuality "1"]
[WhiteTeam "Wolgast Motor"]
[BlackTeam "Graal Mueritz"]
[WhiteTeamCountry "GER"]
[BlackTeamCountry "GER"]

1. d4 Nf6 2. Nf3 c5 3. c3 e6 4. Bf4 cxd4 5. cxd4 Qb6 6. Qc2 Nc6 7. e3 Nb4 8. Qc1 d6 9. a3 Nbd5 10. Bg3 Bd7 11. Bd3 Rc8 12. Qd2 Bb5 13. Nc3 Bxd3 14. Nxd5 Nxd5 15. Qxd3 Qxb2 16. 0-0 Rc3 17. Rfb1 Rxd3 18. Rxb2 b6 19. Rc2 Rc3 20. Rac1 Rxc2 21. Rxc2 Kd7 22. e4 Nc7 23. e5 f6 24. Nd2 fxe5 25. dxe5 d5 26. Nf3 Bxa3 27. Nd4 Bc5 28. Nb3 Be7 29. Kf1 Nb5 30. f4 Rc8 31. Rd2 Rc3 32. Rb2 Ba3 33. Rb1 Rc2 34. Bf2 Bb2 35. g4 Nc3 36. Re1 Ne4 37. Bd4 Bxd4 38. Nxd4 Rf2+ 39. Kg1 Rxf4 40. h3 Ng5 41. Rd1 Rxd4 42. Ra1 a5 43. Rb1 Kc6 44. Kh2 Nf3+ 45. Kg3 Nxe5 46. Re1 Kd6 47. Rb1 Rd3+ 48. Kh4 Kc5 49. g5 Ng6+ 50. Kg4 Rd4+ 51. Kg3 a4 52. h4 Nxh4 53. Kf2 Rd3 54. Rh1 Nf5 55. Rxh7 a3 56. g6 a2 57. Rh1 Ra3 58. Ra1 Kc4 59. Ke2 Nd4+ 60. Kd2 Nb3+ 61. Kc2 Nxa1+ 62. Kb2 Rb3+ 63. Kxa2 Kc3 0-1

[Event "Mecklenburg VP LL2 Ost 1415"]
[Site "Mecklenburg VP"]
[Date "2014.11.23"]
[Round "3.1"]
[White "Stoevesand, Eric"]
[Black "Luethke, Hans Eckart"]
[Result "1/2-1/2"]
[WhiteElo "1944"]
[BlackElo "2121"]
[PlyCount "87"]
[EventDate "2014.09.21"]
[EventType "team-tourn"]
[EventRounds "9"]
[EventCountry "GER"]
[SourceTitle "EXT 2022"]
[Source "ChessBase"]
[SourceDate "2021.10.06"]
[SourceVersion "1"]
[SourceVersionDate "2021.10.06"]
[SourceQuality "1"]
[WhiteTeam "Neubrandenburg SG Eintracht"]
[BlackTeam "Graal Mueritz"]
[WhiteTeamCountry "GER"]
[BlackTeamCountry "GER"]

1. e4 c5 2. Nf3 d6 3. d4 Nf6 4. Nc3 cxd4 5. Nxd4 a6 6. Be2 e5 7. Nb3 Be7 8. Bg5 0-0 9. Bxf6 Bxf6 10. 0-0 Be6 11. Nd5 Bg5 12. c3 Nd7 13. Qd3 Rc8 14. Rad1 f5 15. Bf3 b5 16. exf5 Bxf5 17. Be4 Bxe4 18. Qxe4 Rc4 19. Qe2 Nf6 20. Nxf6+ Qxf6 21. Nd2 Bxd2 22. Qxd2 Rf4 23. Qxd6 Rxf2 24. Qxf8+ Qxf8 25. Rxf2 Qe7 26. Re1 Qc5 27. Ree2 g6 28. a3 Kg7 29. h3 a5 30. Kh1 Qd5 31. Re3 a4 32. Kh2 h5 33. g3 Qc5 34. Rfe2 Kf6 35. Kg2 Qd5+ 36. Kf2 Qh1 37. h4 Qh2+ 38. Ke1 Qg1+ 39. Kd2 Qb1 40. Rxe5 Qxb2+ 41. Kd3 Qxa3 42. Rxb5 Qd6+ 43. Kc2 Qxg3 44. Rb4 1/2-1/2